Detalles MARC
| 000 -LEADER |
| fixed length control field |
01217nam a2200253Ia 4500 |
| 003 - CONTROL NUMBER IDENTIFIER |
| control field |
OSt |
| 005 - DATE AND TIME OF LATEST TRANSACTION |
| control field |
20200623150525.0 |
| 008 - FIXED-LENGTH DATA ELEMENTS--GENERAL INFORMATION |
| fixed length control field |
191128s1993 ck ad fr 100 0 spa d |
| 020 ## - INTERNATIONAL STANDARD BOOK NUMBER |
| International Standard Book Number |
9589552102 |
| 040 ## - CATALOGING SOURCE |
| Original cataloging agency |
CO-JMCR |
| Transcribing agency |
CO-JMCR |
| 041 0# - LANGUAGE CODE |
| Language code of text/sound track or separate title |
spa |
| 082 04 - DEWEY DECIMAL CLASSIFICATION NUMBER |
| Classification number |
332.722 / |
| Item number |
C749c |
| Edition number |
23 |
| 111 2# - MAIN ENTRY--MEETING NAME |
| Meeting name or jurisdiction name as entry element |
Congreso Nacional de Ahorro |
| Number of part/section/meeting |
(2o : |
| Date of meeting or treaty signing |
1992 : |
| Location of meeting |
Cartagena) |
| 9 (RLIN) |
6003 |
| 245 13 - TITLE STATEMENT |
| Title |
El crédito de vivienda : |
| Remainder of title |
pasado presente y futuro / |
| Statement of responsibility, etc. |
Instituto Colombiano de Ahorro y Vivienda |
| 250 ## - EDITION STATEMENT |
| Edition statement |
Primera edición |
| 260 ## - PUBLICATION, DISTRIBUTION, ETC. |
| Place of publication, distribution, etc. |
Bogotá : |
| Name of publisher, distributor, etc. |
Tercer Mundo, |
| Date of publication, distribution, etc. |
1993 |
| 300 ## - PHYSICAL DESCRIPTION |
| Extent |
217 páginas : |
| Other physical details |
gráficas a blanco y negro ; |
| Dimensions |
24 cm. |
| 504 ## - BIBLIOGRAPHY, ETC. NOTE |
| Bibliography, etc. note |
Bibliografía a pie de página. |
| 505 0# - FORMATTED CONTENTS NOTE |
| Formatted contents note |
- |
| Title |
El crédito a largo plazo: mitos y realidades / |
| Statement of responsibility |
Armando Montenegro |
| Title |
El sitema Upac despúes de veinte años / |
| Statement of responsibility |
Lauchin Currie |
| Title |
Los grupos financieros en Colombia: de la banca especializada a la banca múltiple / |
| Statement of responsibility |
Néstor Humberto Martínez Neira |
| 650 14 - SUBJECT ADDED ENTRY--TOPICAL TERM |
| Topical term or geographic name entry element |
Inversiones |
| Form subdivision |
congresos, conferencias, etc: |
| Geographic subdivision |
Colombia |
| 9 (RLIN) |
6007 |
| 650 14 - SUBJECT ADDED ENTRY--TOPICAL TERM |
| Topical term or geographic name entry element |
Sociedades de ahorro y préstamo para vivienda |
| Form subdivision |
congresos, Conferencias, etc. |
| Geographic subdivision |
Colombia |
| 9 (RLIN) |
6008 |
| 650 14 - SUBJECT ADDED ENTRY--TOPICAL TERM |
| Topical term or geographic name entry element |
Ahorros y economía |
| Form subdivision |
congresos, conferencias, etc. |
| 9 (RLIN) |
6009 |
| 942 ## - ADDED ENTRY ELEMENTS (KOHA) |
| Source of classification or shelving scheme |
Dewey Decimal Classification |
| Koha item type |
Books |